000 00297nam a2200133Ia 4500
008 260604s9999 xx 000 0 und d
020 _a9781529146844
082 _a303.4 LEO
100 _aPaul leonardi
_935904
245 0 _aDigital Exhaustion
260 _bPRH
500 _aDigital
942 _cBK
999 _c8744
_d8744